[Event "Copenhagen op"]
[Site "Copenhagen"]
[Date "1986.??.??"]
[Round "3"]
[White "Rewitz, Poul"]
[Black "Horvath, Sandor"]
[Result "1/2-1/2"]
[WhiteElo "2295"]
[BlackElo "2305"]

1.d4 Nf6 2.Bg5 d5 3.c3 Nbd7 4.e3 e6 5.Bd3 e5 6.Bc2 exd4 7.exd4 Bd6 8.Nf3 Qe7+
9.Qe2 Qxe2+ 10.Kxe2 O-O 11.Re1 Re8+ 12.Kf1 Rxe1+ 13.Nxe1 Ne4 14.Be3 Nb6 15.f3 Nf6
16.g3 Bd7 17.Nd2 Nc4 18.Nxc4 dxc4 19.b3 Be6 20.Ng2 Re8 21.Kf2 c6 22.Nf4 Nd5
23.Nxd5 Bxd5 24.b4 g6 25.a4 f5 26.a5 Kf7 27.Bh6 Kf6 28.h4 Kf7 29.Rh1 Kf6
30.Rf1 Bc7 31.Rb1 Re6 32.Rh1 Kf7 33.h5 Re8 34.Bg5 Kg7 35.Bd2 Bf7 36.Bg5 Be6
37.Bd2 Bd5 38.Bg5 Be6 39.Bc1 Bd5 40.Bb1 Bd6 41.Bg5 b6 42.a6 b5 43.Bc2 Be6
44.Re1 Bd7 45.Rxe8 Bxe8 46.g4 Bd7 47.gxf5 gxf5 48.Ke3 Kf7 49.Bf4 Bxf4+ 50.Kxf4 Kf6
51.Bb1  1/2-1/2

[Event "Copenhagen op"]
[Site "Copenhagen"]
[Date "1986.??.??"]
[Round "10"]
[White "Rewitz, Poul"]
[Black "Vadasz, Laszlo"]
[Result "1/2-1/2"]
[WhiteElo "2295"]
[BlackElo "2370"]

1.d4 Nf6 2.Bg5 c5 3.Bxf6 gxf6 4.d5 d6 5.e3 f5 6.Nh3 Qb6 7.Qc1 Bg7 8.c3 e5
9.dxe6 fxe6 10.Nf4 Nc6 11.Nd2 Qc7 12.Be2 O-O 13.Nh5 Bh6 14.f4 Bd7 15.O-O d5
16.Qe1 Be8 17.Qh4 Qe7 18.Qh3 Bg6 19.g4 fxg4 20.Bxg4 Bf5 21.Rae1 Kh8 22.Kh1  1/2-1/2

[Event "Hastings8687"]
[Site "Hastings"]
[Date "1986.??.??"]
[Round "?"]
[White "Hodgson, Julian M"]
[Black "Conquest, Stuart"]
[Result "1/2-1/2"]
[WhiteElo "2500"]
[BlackElo "2430"]

1.d4 Nf6 2.Bg5 c5 3.Bxf6 gxf6 4.d5 Qb6 5.Nd2 Qxb2 6.e3 f5 7.Bd3 Qf6 8.Ne2 e5
9.dxe6 dxe6 10.e4 Nc6 11.exf5 exf5 12.O-O Be6 13.Nf4 Bd6 14.Nxe6 fxe6 15.Bb5 Rd8
16.Bxc6+ bxc6 17.Qh5+ Qg6 18.Qf3 O-O 19.Nc4 Bb8 20.Na5 Qh6 21.g3 f4 22.Nxc6 fxg3
23.Qg4+ Kh8 24.hxg3 Rd2 25.Nxb8 Rxb8 26.Rab1 Rg8 27.Qf3 Rxc2 28.Rb7 e5 29.Kg2 Rf8
30.Rf7 Rxf7 31.Qxf7 Qg6 32.Qe7 Qf5 33.Qxa7 e4 34.Qa4 e3 35.Qe8+ Kg7 36.Qe7+ Qf7
37.Qxe3 Qd5+ 38.Kg1 Rxa2 39.Qe7+ Kg8 40.Qh4 Qd4 41.Qg5+ Kf7 42.Qf5+ Kg7 43.Kg2 Rd2
44.Rc1 Qd5+ 45.Qxd5 Rxd5 46.f4 Kf6 47.Kf3 h5 48.Ke4 Ke6 49.Rc4 Rd4+ 50.Rxd4 cxd4  1/2-1/2

[Event "Hastings8687"]
[Site "Hastings"]
[Date "1986.??.??"]
[Round "?"]
[White "Hodgson, Julian M"]
[Black "Plaskett, Jim"]
[Result "0-1"]
[WhiteElo "2500"]
[BlackElo "2450"]

1.d4 d5 2.Bg5 Nf6 3.Bxf6 gxf6 4.Nf3 c5 5.c4 dxc4 6.e3 cxd4 7.exd4 Bg7 8.Bxc4 O-O
9.O-O Bg4 10.Nc3 Nc6 11.d5 Ne5 12.Be2 Bxf3 13.Bxf3 Qb6 14.Rb1 f5 15.Be2 Rac8
16.Qa4 Rfd8 17.Qf4 Qf6 18.Rbd1 Rc5 19.Rfe1 b6 20.Bd3 Ng6 21.Qa4 Qh4 22.d6 Rxd6
23.Qe8+ Bf8 24.Bc2 Rxd1 25.Rxd1 Qf6 26.g3 Kg7 27.h4 f4 28.Bxg6 fxg3 29.Qxf7+ Qxf7
30.Bxf7 gxf2+ 31.Kxf2 Kxf7 32.Rd7 a6 33.Ra7 a5 34.Rb7 Bg7 35.Rxb6 Bd4+  0-1

[Event "Holon op"]
[Site "Holon"]
[Date "1986.??.??"]
[Round "?"]
[White "Illescas Cordoba, Miguel"]
[Black "Liberzon, Vladimir M"]
[Result "1/2-1/2"]
[WhiteElo "2465"]
[BlackElo "2450"]

1.d4 Nf6 2.Bg5 g6 3.Bxf6 exf6 4.c4 Bg7 5.Nc3 f5 6.e3 d6 7.Nge2 Nd7 8.g3 Nf6
9.Bg2 O-O 10.O-O Re8 11.b4 a6 12.a4 c6 13.Qd3 Bd7 14.Rab1 Qe7 15.b5 axb5
16.cxb5 f4 17.bxc6 bxc6 18.Nxf4 Bf5 19.Qc4 Bxb1 20.Rxb1 g5 21.Nd3 Rab8 22.Rxb8 Rxb8
23.Bxc6 Rc8 24.Nb4 Bf8 25.Qb5 d5 26.Ncxd5 Nxd5 27.Nxd5 Qe6 28.Bd7 Rc1+ 29.Kg2 Qe4+
30.Kh3 Qf3 31.Nb6 Bc5 32.Bg4 Qxf2 33.dxc5 Rh1 34.Qe8+ Kg7 35.Qe5+ Kh6 36.Qd6+ Kg7
37.Qd4+  1/2-1/2

[Event "Lisboa"]
[Site "Lisboa"]
[Date "1986.??.??"]
[Round "?"]
[White "Bellon Lopez, Juan Manuel"]
[Black "De Boer, Gert Jan"]
[Result "1-0"]
[WhiteElo "2430"]
[BlackElo "2430"]

1.d4 Nf6 2.Bg5 d5 3.Nd2 e6 4.e3 Be7 5.Bd3 c5 6.c3 Nbd7 7.f4 b6 8.Qf3 Bb7
9.Nh3 h6 10.Bh4 Ne4 11.Bxe7 Nxd2 12.Kxd2 Qxe7 13.Nf2 O-O-O 14.h4 g5 15.hxg5 hxg5
16.g3 gxf4 17.gxf4 Nf6 18.a3 Rdg8 19.Rag1 Rxh1 20.Rxg8+ Nxg8 21.Qxh1 Nf6
22.Qh8+ Kc7 23.Nh3 Bc6 24.Ng5 Be8 25.Be2 Kd8 26.Qh2 Nd7 27.Qh3 Qf6 28.Qh4 Qe7
29.Bg4 Nf6 30.Bf3 Bc6 31.Bg2 Kd7 32.Qh8 Ne8 33.Bh3 Bb7 34.Nf3 Kc7 35.Qe5+ Nd6
36.f5 Kd7 37.fxe6+ fxe6 38.Ke1 Bc6 39.Ng5 Nf5 40.Bxf5 exf5 41.Qxf5+ Kc7 42.Qf7 Qxf7
43.Nxf7 Be8 44.Ng5 Kc6 45.b3 Bg6 46.Kd2 a5 47.Nf3 Be4 48.Ne5+ Kd6 49.c4 Bh7
50.Kc3 Bg8 51.Nd3 dxc4 52.bxc4 Bh7 53.Nc1 Bg6 54.Nb3 a4 55.Nd2 Bh7 56.Nf3 Bg6
57.Ne5 Be8 58.Nd3 Bg6 59.Nf4 Be8 60.Nd5 Kc6 61.Nf6 Bg6 62.d5+ Kd6 63.e4 Ke7
64.e5 Bf5 65.Kd2 Bg6 66.Ke3 Bf5 67.Ne4  1-0

[Event "Lisboa"]
[Site "Lisboa"]
[Date "1986.??.??"]
[Round "?"]
[White "Bellon Lopez, Juan Manuel"]
[Black "Sequeira, Joao F A"]
[Result "1-0"]
[WhiteElo "2430"]
[BlackElo "2310"]

1.d4 Nf6 2.Bg5 c5 3.d5 Qa5+ 4.c3 Qb6 5.b3 g6 6.Qd3 Bg7 7.Nd2 d6 8.e4 Qc7
9.f4 O-O 10.Be2 e6 11.dxe6 fxe6 12.Rd1 Nbd7 13.Nh3 d5 14.e5 Ne8 15.O-O Rf7
16.c4 d4 17.Bh4 Nf8 18.Ng5 Rd7 19.Bg4 Qb6 20.Qh3 Rc7 21.Nge4 Rf7 22.Bg5 Qc7
23.Qh4 a5 24.Bd8 Qc6 25.Bf3 Qa6 26.Nxc5 Qa7 27.Nde4  1-0

[Event "Oslo"]
[Site "Oslo"]
[Date "1986.??.??"]
[Round "?"]
[White "Bellon Lopez, Juan Manuel"]
[Black "Stigar, Petter"]
[Result "1/2-1/2"]
[WhiteElo "2430"]
[BlackElo "2300"]

1.d4 Nf6 2.Bg5 c5 3.Bxf6 gxf6 4.d5 Qb6 5.Qc1 f5 6.e3 Bg7 7.c3 Na6 8.Nh3 Nc7
9.Nf4 Be5 10.Bc4 Qd6 11.Na3 Bxf4 12.exf4 b5 13.Bxb5 Qxd5 14.f3 Nxb5 15.Nxb5 Qc6
16.c4 a6 17.Nc3 Qe6+ 18.Ne2 Rg8 19.g3 Bb7 20.Kf2 h5 21.b3 h4 22.Qe3 Qxe3+
23.Kxe3 e6 24.Kf2 Ke7 25.Rhg1 hxg3+ 26.hxg3 Rh8 27.Rh1 Bc6 28.Nc3 f6 29.Rad1 Rab8
30.Kg2 Kf7 31.Rxh8 Rxh8 32.Na4 Bxa4 33.bxa4 Ke7 34.Rb1 Rc8 35.Rb6 Rc6 36.Rxc6 dxc6
37.Kh3 Kf7 38.Kh4 Kg6 39.g4 a5 40.a3 Kh6 41.gxf5 exf5  1/2-1/2

[Event "Poznan"]
[Site "Poznan"]
[Date "1986.??.??"]
[Round "3"]
[White "Przewoznik, Jan"]
[Black "Nowak, Ignacy"]
[Result "1/2-1/2"]
[WhiteElo "2420"]
[BlackElo "2420"]

1.d4 Nf6 2.Bg5 c5 3.Bxf6 exf6 4.dxc5 Bxc5 5.e3 d5 6.c3 Nc6 7.Nf3 O-O 8.Be2 Be6
9.O-O Qe7 10.Nbd2 Rad8 11.Nb3 Bd6 12.Nbd4 Ne5 13.Qc2 Bb8 14.Rfd1 Bc8 15.Qb3 g6
16.Rd2 Qc7 17.g3 a6 18.Bf1 Rfe8 19.Bg2 Nc4 20.Rdd1 Rd6 21.Qc2 Bg4 22.Re1 Qd7
23.Nh4 Ba7 24.Nhf3  1/2-1/2

[Event "Rome"]
[Site "Rome"]
[Date "1986.??.??"]
[Round "?"]
[White "Romero Holmes, Alfonso"]
[Black "Farago, Ivan"]
[Result "0-1"]
[WhiteElo "2455"]
[BlackElo "2520"]

1.d4 Nf6 2.Bg5 d5 3.Bxf6 gxf6 4.c4 dxc4 5.e3 c5 6.Bxc4 cxd4 7.exd4 Bg7 8.Ne2 O-O
9.Nbc3 Nc6 10.Qd2 f5 11.Rd1 a6 12.a3 Qd6 13.O-O Bd7 14.Ba2 Rac8 15.Qe3 Na5
16.Qd3 b5 17.Ng3 Nc4 18.Nxf5 Bxf5 19.Qxf5 Nxb2 20.Bb1 Qh6 21.Rc1 e6 22.Qg4 Nc4
23.a4 Nd2 24.Nd5 Rxc1  0-1

[Event "URS-ch sf"]
[Site "Sevastopol"]
[Date "1986.??.??"]
[Round "?"]
[White "Zaichik, Gennadi"]
[Black "Dvoirys, Semen I"]
[Result "1/2-1/2"]
[WhiteElo "2480"]
[BlackElo "2470"]

1.d4 Nf6 2.Bg5 d5 3.Bxf6 gxf6 4.e3 Bf5 5.Ne2 c6 6.Ng3 Bg6 7.f4 e6 8.f5 Bxf5
9.Nxf5 exf5 10.Nc3 Nd7 11.Qd2 Qe7 12.O-O-O Bh6 13.Re1 O-O-O 14.Bd3 Nb6 15.Bxf5+ Kb8
16.b3 c5 17.Kb1 cxd4 18.Qxd4 Qe5 19.Qxe5+ fxe5 20.Re2 d4 21.exd4 exd4 22.Nd1 Nd5
23.Rf1 Ne3 24.Nxe3 Bxe3 25.c4 Rd6 26.Bd3 f6 27.b4 b6 28.a4 h6 29.Ra2 Rg8
30.c5 bxc5 31.bxc5 Rc6 32.Rb2+ Kc7 33.Be4 Rxc5 34.Rxf6 d3 35.Bxd3 Rc1+ 36.Ka2 Bd4
37.Rf7+ Kd6 38.Rd2 Bc3 39.Re2 Rb8 40.Bb5 a6 41.Rd7+ Kc5 42.Rc7+ Kd4 43.Rd7+ Kc5  1/2-1/2

[Event "BCF-ch"]
[Site "Southampton"]
[Date "1986.??.??"]
[Round "4"]
[White "Hodgson, Julian M"]
[Black "Rossiter, Philip J"]
[Result "0-1"]
[WhiteElo "2500"]
[BlackElo "2230"]

1.d4 Nf6 2.Bg5 d5 3.Bxf6 exf6 4.e3 c6 5.c4 dxc4 6.Bxc4 Bd6 7.Nc3 O-O 8.Nf3 Bg4
9.h3 Bh5 10.g4 Bg6 11.Nh4 Kh8 12.Nxg6+ fxg6 13.h4 c5 14.g5 fxg5 15.h5 Nc6
16.hxg6 h6 17.dxc5 Bxc5 18.Ne4 Bb4+ 19.Kf1 Qe7 20.Qc2 Ne5 21.Bd5 Rad8 22.Rd1 Ng4
23.Kg1 Qe5 24.a3 Ba5 25.Bxb7 Rxd1+ 26.Qxd1 Nxf2 27.Qd6 Qxd6 28.Nxd6 Rf6 29.Nf7+ Kg8
30.Rh2 Ng4 31.Rc2 Rxg6 32.Bd5 Kf8 33.e4 Rf6 34.Rc8+ Ke7 35.Rb8 Bb6+ 36.Kh1 Rf1+
37.Kg2 Ne3+ 38.Kh3 Nxd5 39.Rb7+ Kf8 40.Ne5 Nf4+ 41.Kg4 g6 42.Rh7 Rg1+ 43.Kf3 h5
44.Nd7+ Ke8 45.Nf6+ Kd8 46.e5 Re1  0-1

[Event "BCF-ch"]
[Site "Southampton"]
[Date "1986.??.??"]
[Round "11"]
[White "Depasquale, Chris"]
[Black "Wicker, Kevin J"]
[Result "1-0"]
[WhiteElo "2305"]
[BlackElo "2305"]

1.d4 Nf6 2.Bg5 g6 3.Bxf6 exf6 4.e3 Bg7 5.Bd3 d5 6.Nd2 f5 7.h4 O-O 8.Ne2 Re8
9.c3 Nd7 10.h5 Nf6 11.hxg6 hxg6 12.Nf4 b6 13.Qf3 c5 14.O-O-O c4 15.Bxc4 Bb7
16.Bb5 Re7 17.Qh3 Qd6 18.Nf3 Ne4 19.Qh7+ Kf8 20.Rh6 Rc8 21.Ne5 Rxe5 22.Rxg6 fxg6
23.dxe5 Ng5 24.Qxg7+ Kxg7 25.exd6 Rd8 26.d7 a6 27.Ba4 b5 28.Bb3 Rxd7 29.Bxd5 Bc8
30.Rd4 Kf6 31.a4  1-0

[Event "Tbilisi"]
[Site "Tbilisi"]
[Date "1986.??.??"]
[Round "?"]
[White "McDonald, Neil R"]
[Black "Foisor, Ovidiu"]
[Result "1/2-1/2"]
[WhiteElo "2495"]
[BlackElo "2440"]

1.d4 Nf6 2.Bg5 d5 3.Bxf6 gxf6 4.e3 c5 5.c3 e6 6.Nd2 Nc6 7.Ne2 Bd7 8.Ng3 f5
9.Nh5 Rg8 10.g3 Be7 11.Be2 Qb6 12.Rb1 a6 13.O-O cxd4 14.cxd4 Na7 15.Qb3 Nc8
16.Rfc1 Qxb3 17.Nxb3 Nd6 18.Nc5 Bb5 19.Nf4 Bd8 20.Bh5 Ke7 21.b3 Bb6 22.a4 Bc6
23.Rc2 Rgc8 24.Rbc1 Be8 25.Bf3 Bd8 26.Be2 Rc6 27.Ncd3 Rb6 28.Nc5 a5 29.f3 Rc8
30.Bd3 Rbc6 31.Kf2 b6 32.Na6 Rxc2+ 33.Rxc2 Bc6 34.Nb8 Bb7 35.Rxc8 Nxc8 36.Ba6 Bxa6
37.Nxa6 Kd7 38.b4 Be7 39.Nd3 Kc6 40.bxa5 bxa5 41.Nac5 Nb6 42.Ne5+  1/2-1/2

[Event "Tirnavia"]
[Site "Trnava"]
[Date "1986.??.??"]
[Round "8"]
[White "Meduna, Eduard"]
[Black "Lukacs, Peter"]
[Result "1/2-1/2"]
[WhiteElo "2425"]
[BlackElo "2460"]

1.d4 d5 2.Bg5 Nf6 3.Bxf6 exf6 4.e3 c6 5.Bd3 Bd6 6.Nd2 O-O 7.Qf3 Nd7 8.Ne2 Re8
9.h4 b5 10.g4 Nb6 11.O-O-O Nc4 12.g5 g6 13.h5 f5 14.hxg6  1/2-1/2

[Event "Vienna op"]
[Site "Vienna"]
[Date "1986.??.??"]
[Round "?"]
[White "Steiner, Ulrich A"]
[Black "Farago, Ivan"]
[Result "1-0"]
[WhiteElo "2285"]
[BlackElo "2520"]

1.d4 Nf6 2.Bg5 d5 3.Nd2 Nbd7 4.Ngf3 c5 5.c3 e6 6.e3 Be7 7.Be2 O-O 8.O-O b6
9.Qc2 Bb7 10.Ne5 a6 11.f4 Rc8 12.Ndf3 b5 13.Bd3 c4 14.Be2 Nb6 15.Nd2 Ne4
16.Bxe7 Qxe7 17.Bf3 f6 18.Ng4 a5 19.a3 Nd6 20.Rfe1 f5 21.Ne5 Ra8 22.Kh1 b4
23.Rg1 Nb5 24.g4 Rab8 25.gxf5 exf5 26.Rg5 b3 27.Qd1 Na4 28.Rb1 Ba8 29.Nf1 Naxc3
30.bxc3 a4 31.Ra1 Nxd4 32.exd4 b2 33.Qe1 bxa1=Q 34.Qxa1 Rb3 35.Ne3 Rfb8 36.Rg1 Rxa3
37.Nxf5 Qxe5 38.fxe5 Rxa1 39.Rxa1 g6 40.Ne3 Rb5 41.Rxa4 Bc6 42.Ra6 Bb7 43.Rd6  1-0

[Event "OHRA-B"]
[Site "Amsterdam"]
[Date "1987.??.??"]
[Round "6"]
[White "Romero Holmes, Alfonso"]
[Black "Lobron, Eric"]
[Result "0-1"]
[WhiteElo "2440"]
[BlackElo "2530"]

1.d4 Nf6 2.Bg5 d5 3.Bxf6 exf6 4.e3 c6 5.Nf3 Na6 6.c4 Nc7 7.Nc3 Be7 8.Qb3 dxc4
9.Bxc4 O-O 10.a4 Ne8 11.O-O Nd6 12.Bd3 a5 13.d5 c5 14.Nd2 f5 15.Rac1 Re8
16.Nb5 Bd7 17.Nxd6 Bxd6 18.Qxb7 Rb8 19.Qa6 Rb6 20.Qc4 Rxb2 21.Bc2 Rb4 22.Qa2 Qh4
23.g3 Qh3 24.Nc4 Bb8 25.Rb1 h5 26.Rxb4 cxb4 27.Nb6 f4 28.exf4 Ba7 29.Nxd7 Bxf2+
30.Kh1  0-1

[Event "AUT-ch"]
[Site "Austria"]
[Date "1987.??.??"]
[Round "7"]
[White "Brestian, Egon"]
[Black "Felsberger, Alfred"]
[Result "1-0"]
[WhiteElo "2335"]
[BlackElo "2310"]

1.d4 Nf6 2.Bg5 c5 3.Bxf6 gxf6 4.e3 Qb6 5.b3 d5 6.Nf3 Bg4 7.Be2 e6 8.h3 Bh5
9.Nbd2 Nc6 10.O-O O-O-O 11.dxc5 Bxc5 12.c3 Rhg8 13.b4 Bd6 14.a4 Bb8 15.Nd4 Bxe2
16.Qxe2 Ne7 17.Rfc1 e5 18.a5 Qd6 19.N4b3 e4 20.Nf1 Nf5 21.Nd4 Nh4 22.g3 Qd7
23.Kh2 Be5 24.Qh5 Nf3+ 25.Nxf3 exf3 26.Qxf3 h5 27.Kg2 h4 28.Ra2 Kb8 29.Rd2 hxg3
30.Nxg3 Rg5 31.c4 Rdg8 32.Rxd5 Qc7 33.Rc5 Qe7 34.Kf1 Bxg3 35.fxg3 Rxg3 36.Qf4+  1-0

[Event "Belgrade (Women)"]
[Site "Belgrade"]
[Date "1987.??.??"]
[Round "9"]
[White "Maksimovic, Suzana"]
[Black "Lematschko, Tatjana"]
[Result "1/2-1/2"]
[WhiteElo "2290"]
[BlackElo "2340"]

1.d4 Nf6 2.Bg5 d5 3.Bxf6 exf6 4.e3 Be6 5.g3 c6 6.Bg2 f5 7.Ne2 Nd7 8.O-O h5
9.Nf4 h4 10.c4 Nf6 11.Nc3 dxc4 12.Nxe6 fxe6 13.Qe2 hxg3 14.hxg3 Nd5 15.e4 fxe4
16.Bxe4 Rh6 17.Qxc4 Bd6 18.Rfe1 Kf8 19.Bg2 Rc8 20.a3 Rc7 21.Ne4 Kg8 22.Nc5 Bxc5
23.dxc5 Qf6 24.Re2 Rf7 25.Rae1 Qf5 26.Qd4 Qf6 27.Qe5 Qxe5 28.Rxe5 Nc7 29.Rd1 Rhf6
30.f4 Rf5 31.Rxf5 exf5 32.Rd8+ Kh7 33.b4 a5 34.Bf1 axb4 35.axb4 Re7 36.Bd3 g6
37.Kf2 Ne6 38.Rd6 Kg7 39.Bc4 Nf8 40.b5 Nd7 41.bxc6 Nxc5 42.Bd5 bxc6 43.Bxc6  1/2-1/2

[Event "OHRA op"]
[Site "Brussels"]
[Date "1987.??.??"]
[Round "4"]
[White "Bellon Lopez, Juan Manuel"]
[Black "Kouatly, Bachar"]
[Result "1/2-1/2"]
[WhiteElo "2380"]
[BlackElo "2470"]

1.d4 Nf6 2.Bg5 c5 3.Bxf6 gxf6 4.d5 Qb6 5.Qc1 f5 6.e3 Bg7 7.c3 e6 8.Nh3 Qd6
9.Qd2 Na6 10.Na3 Qxd5 11.Qxd5 exd5 12.O-O-O Nc7 13.Nf4 d4 14.Nh5 Bh6 15.cxd4 cxd4
16.Rxd4 Ne6 17.Rd5 f4 18.Nc4 O-O 19.Nd6 fxe3 20.fxe3 Bxe3+ 21.Kb1 Nf4 22.Rg5+ Ng6
23.Rg3 Bd4 24.Bc4 Be5 25.Nxf7 Bxg3 26.Rf1 d5 27.Bxd5 Bf4 28.Nf6+ Kg7 29.Nh5+ Kg8
30.Nf6+  1/2-1/2

[Event "Coimbatore"]
[Site "Coimbatore"]
[Date "1987.??.??"]
[Round "?"]
[White "Zaichik, Gennadi"]
[Black "Thipsay, Praveen Mahadeo"]
[Result "1-0"]
[WhiteElo "2490"]
[BlackElo "2420"]

1.d4 Nf6 2.Bg5 d5 3.Bxf6 exf6 4.e3 Bf5 5.Ne2 Bd6 6.Ng3 Bg6 7.Be2 Nc6 8.Bb5 O-O
9.Bxc6 bxc6 10.Nc3 Qc8 11.O-O Rb8 12.Na4 Re8 13.Re1 Bf5 14.Nxf5 Qxf5 15.Rc1 Re4
16.h3 Rh4 17.Qd3 Qg5 18.Kf1 f5 19.Nc3 g6 20.Rb1 Qe7 21.Ne2 Qd7 22.Ng1 Re4
23.Nf3 Ree8 24.c4 f6 25.h4 Qf7 26.Rec1 Qd7 27.g3 f4 28.exf4 Qh3+ 29.Kg1 Bxf4
30.gxf4 Re4 31.Rc3 Rxf4  1-0

[Event "Copenhagen op"]
[Site "Copenhagen"]
[Date "1987.??.??"]
[Round "1"]
[White "Rewitz, Poul"]
[Black "Brinck Claussen, Bjorn"]
[Result "0-1"]
[WhiteElo "2250"]
[BlackElo "2395"]

1.d4 Nf6 2.Bg5 d5 3.c3 Nbd7 4.e3 g6 5.Bd3 Bg7 6.Nd2 e5 7.Ne2 O-O 8.Rc1 c5
9.O-O Qb6 10.b4 cxd4 11.exd4 h6 12.Be3 Ng4 13.Bc2 Nxe3 14.fxe3 Qd6 15.Bb3 Nf6
16.h3 Bd7 17.c4 exd4 18.c5 Qe7 19.exd4 Rae8 20.Re1 Qe3+ 21.Kh1 Qf2 22.Rc3 Bb5
23.Rf3 Qh4 24.a4 Bxe2 25.Rxe2 Rxe2 26.Qxe2 Qxd4 27.Qd3 Qxb4 28.Bxd5 Qxc5
29.Rxf6 Bxf6 30.Qxg6+ Bg7 31.Ne4 Qc1+ 32.Kh2 Kh8 33.Qf5 Qc7+ 34.Kh1 Qe5 35.Qxe5 Bxe5
36.Bxb7 Rb8 37.Nc5 Bd4 38.Nb3 Rxb7 39.Nxd4 Rb4 40.Nf5 Kh7  0-1

[Event "Copenhagen op"]
[Site "Copenhagen"]
[Date "1987.??.??"]
[Round "2"]
[White "Fries Nielsen, Jens Ove"]
[Black "Nilsson, Nils Specht"]
[Result "1/2-1/2"]
[WhiteElo "2350"]
[BlackElo "2230"]

1.d4 Nf6 2.Bg5 d5 3.Bxf6 exf6 4.e3 Be6 5.Bd3 f5 6.Nd2 Nd7 7.Ne2 c6 8.c4 dxc4
9.Bxc4 Bxc4 10.Nxc4 Bb4+ 11.Nc3 Nb6 12.Ne5 O-O 13.Qc2 g6 14.O-O Be7 15.Qb3 Bd6
16.Nd3 Qh4 17.g3 Qe7 18.a4 Qe6 19.Qxe6 fxe6 20.b4 Nd5 21.Nxd5 cxd5 22.Nc5 Kf7
23.a5 Rfc8 24.Nxb7 Bxb4 25.Rfb1 Be7 26.Rc1 Ke8  1/2-1/2

[Event "Copenhagen op"]
[Site "Copenhagen"]
[Date "1987.??.??"]
[Round "8"]
[White "Rewitz, Poul"]
[Black "Nielsen, Jorgen G"]
[Result "0-1"]
[WhiteElo "2250"]
[BlackElo "2245"]

1.d4 Nf6 2.Bg5 d5 3.Bxf6 exf6 4.g3 c6 5.e3 Nd7 6.Nd2 f5 7.Bg2 Nf6 8.Ne2 Bd6
9.c4 Ne4 10.O-O Nxd2 11.Qxd2 dxc4 12.d5 c5 13.Qc3 O-O 14.Qxc4 b5 15.Qc2 a5
16.a4 b4 17.Nc1 c4 18.Ne2 Be5 19.Rfd1 Bd7 20.Nd4 Rc8 21.Nc6 Qf6 22.Qxc4 Bxb2
23.Rab1 Bc3 24.Qc5 Rfe8 25.Qxa5 g5 26.Qa7 Qd6 27.a5 f4 28.e4 Bxc6 29.dxc6 Qxc6
30.Rd7 Ra8 31.Qb7 Qxb7 32.Rxb7 Rxa5 33.gxf4 gxf4 34.Bf3 Kg7 35.Kh1 Ra2 36.Rg1+ Kf6
37.Rd1 Rd2 38.Rb6+ Ke5 39.Rb5+ Kf6 40.Rb6+ Re6 41.Rxe6+ fxe6 42.Rxd2 Bxd2
43.Bd1 Ke5 44.Bb3 Kxe4 45.Bxe6 h6 46.Kg2 Kd3 47.Kf3 Kc2 48.Ke2 Bc3 49.Kf3 Be5
50.Ke4 Bd6 51.Bf5 Kc3 52.Kf3 b3 53.Kg4 Kd2 54.h4 b2 55.Kh5 Ke2 56.Kxh6 Kxf2
57.Kg5 Kg3 58.h5 Be5 59.Bd3 f3 60.Kf5 Bc3 61.Ke4 f2  0-1

[Event "London Peace"]
[Site "London"]
[Date "1987.??.??"]
[Round "?"]
[White "Hodgson, Julian M"]
[Black "Birnboim, Nathan"]
[Result "1-0"]
[WhiteElo "2510"]
[BlackElo "2455"]

1.d4 Nf6 2.Bg5 d5 3.Bxf6 exf6 4.e3 c6 5.c4 Bb4+ 6.Nc3 O-O 7.Nf3 Be6 8.cxd5 Bxd5
9.Bd3 c5 10.O-O cxd4 11.Nxd5 Qxd5 12.Nxd4 Nc6 13.Nxc6 Qxc6 14.Rc1 Qb6 15.Qf3 g6
16.Be4 Rab8 17.Rfd1 f5 18.Bd5 Be7 19.Bb3 Rbd8 20.Rxd8 Bxd8 21.Rd1 Qc7 22.Qg3 Qe7
23.Qd6 Qe4 24.Qd3 Qb4 25.Qd4 Qa5 26.Qd7 Bc7 27.g3 b5 28.Rc1 Bb6 29.Rc8 Bd8
30.Bxf7+ Rxf7 31.Rxd8+ Kg7 32.Qd4+ Kh6 33.Rg8 Qe1+ 34.Kg2 Qe2 35.Qf4+  1-0

[Event "Namestovo"]
[Site "Namestovo"]
[Date "1987.??.??"]
[Round "3"]
[White "Meduna, Eduard"]
[Black "Trapl, Jindrich"]
[Result "1-0"]
[WhiteElo "2495"]
[BlackElo "2415"]

1.d4 Nf6 2.Bg5 c5 3.Bxf6 gxf6 4.c3 Qb6 5.Qc2 cxd4 6.cxd4 Nc6 7.e3 d5 8.Nc3 e6
9.Nf3 Bd7 10.Be2 Rc8 11.O-O f5 12.Rfc1 Bd6 13.Na4 Qd8 14.Nc5 Na5 15.b4 b6
16.Qb2 Nc4 17.Bxc4 dxc4 18.Nb7 Qc7 19.Nxd6+ Qxd6 20.d5 Rg8 21.dxe6 Bxe6 22.g3 Ke7
23.Rd1 c3 24.Qa3 Qc7 25.Rac1 Rg4 26.b5+ Kf6 27.Nd4 Qc5 28.Qxc5 Rxc5 29.Rd3 c2
30.Rd2 Bxa2 31.Rdxc2 Rxc2 32.Rxc2 Bd5 33.Rc7 Rg8 34.Rd7 Ba8 35.Rxa7 Rc8 36.Kf1 Be4
37.Ra6 Rb8 38.Ke2 Ke5 39.Kd2 Kd6 40.f3 Bd5 41.Nxf5+ Kc5 42.Nd4 Bc4 43.Ra7 Rf8
44.Rc7+ Kb4 45.Rc6 Ra8 46.Rxb6 Ra2+ 47.Ke1 Rxh2 48.Rc6 Kc3 49.b6 Rb2 50.g4 Kd3
51.Nf5 Be6 52.Rd6+ Kc4 53.Ne7 Kc3 54.Kf1 Kc4 55.Kg1 Kc3 56.g5 Bh3 57.Nd5+ Kc4
58.Nf4 Bf5 59.e4 Bg6 60.Nd3 Rb5 61.Kf2  1-0

[Event "Namestovo"]
[Site "Namestovo"]
[Date "1987.??.??"]
[Round "11"]
[White "Meduna, Eduard"]
[Black "Mokry, Karel"]
[Result "0-1"]
[WhiteElo "2495"]
[BlackElo "2485"]

1.d4 Nf6 2.Bg5 c5 3.Bxf6 gxf6 4.c3 Qb6 5.Qc2 d5 6.e3 Nc6 7.Nf3 e5 8.Be2 Bg7
9.O-O O-O 10.Nbd2 cxd4 11.cxd4 e4 12.Nh4 f5 13.g3 f4 14.gxf4 Bh3 15.Rfe1 Nxd4
16.exd4 Bxd4 17.Kh1 Qf6 18.Nb3 Bxf2 19.Ng2 Bxg2+ 20.Kxg2 Bxe1 21.Rxe1 Qxf4
22.Rf1 Qe5 23.Qd2 f5 24.Qd4 Qxd4 25.Nxd4 f4 26.Bg4 Rf6 27.Nf5 Kh8 28.Rxf4 Rg8
29.Kh3 e3 30.Rf1 d4 31.Be2 Rg5 32.Bd3 Rgxf5 33.Bxf5 Rxf5  0-1

[Event "New York op"]
[Site "New York"]
[Date "1987.??.??"]
[Round "?"]
[White "Ochoa de Echaguen, F Javier"]
[Black "Karklins, Andrew"]
[Result "1/2-1/2"]
[WhiteElo "2430"]
[BlackElo "2280"]

1.d4 Nf6 2.Bg5 g6 3.Nd2 Bg7 4.e4 d6 5.c3 O-O 6.Ngf3 h6 7.Bh4 Nh5 8.Bc4 Nc6
9.O-O Nf4 10.Re1 g5 11.Bg3 e5 12.dxe5 dxe5 13.Nf1 Qf6 14.Ne3 Ne7 15.Bxf4 exf4
16.Nd5 Nxd5 17.exd5 Bg4 18.Qd3 Bf5 19.Qd2 Rad8 20.Nd4 Bc8 21.Qe2 Bd7 22.Bb3 a6
23.Rad1 Rfe8 24.Qd3 Re5 25.Rxe5 Qxe5 26.Nf3 Qd6 27.Nd2 Re8 28.Nc4 Qc5 29.Bc2 Bg4
30.Rc1 Re2 31.Rf1 Rxc2 32.Qxc2 Qxc4 33.h3 Bd7 34.Rd1 f3 35.gxf3 Be5 36.Qe4 Qxe4
37.fxe4 Bxh3 38.Rd3 Bd7 39.b3 h5 40.c4 Kf8 41.b4 Ke7 42.c5 Kf6 43.c6 bxc6
44.Ra3 cxd5 45.Rxa6+ Bd6 46.exd5 h4 47.a4 h3 48.b5 h2+ 49.Kh1 Bg4 50.f4 Ke7
51.Kxh2 gxf4 52.Rc6 Bf3 53.a5 Bxd5 54.Rc2 f5 55.a6 Kd7 56.a7 Ba8 57.Kh3 Kc8
58.b6 c6 59.Rg2 Kb7 60.Rg8 f3 61.Rd8 Bf4 62.Rf8  1/2-1/2

[Event "ARG-ch"]
[Site "Salta"]
[Date "1987.??.??"]
[Round "8"]
[White "Herrera, Irisberto"]
[Black "Hoffman, Alejandro"]
[Result "1-0"]
[WhiteElo "2280"]
[BlackElo "2315"]

1.d4 Nf6 2.Bg5 c5 3.c3 cxd4 4.Bxf6 gxf6 5.cxd4 d5 6.Nc3 Nc6 7.e3 e6 8.Nge2 Bd7
9.Nf4 Rg8 10.g3 Rc8 11.Bg2 Bd6 12.Qh5 Bxf4 13.Qxh7 Ke7 14.exf4 Nxd4 15.O-O Nf5
16.Rfe1 Kf8 17.Bh3 Rg7 18.Qh5 Ne7 19.Rad1 f5 20.Rd2 Kg8 21.Bg2 Bc6 22.Red1 Qb6
23.Qe2 Ng6 24.Kh1 a6 25.Qe3 Qxe3 26.fxe3 f6 27.Ne2 Nf8 28.Rc1 Rgc7 29.Rdc2 Kf7
30.Nd4 Nd7 31.Kg1 Ke7 32.Bf1 Nb8 33.Bd3 Kd6 34.b4 b5 35.Rc3 Nd7 36.a4 Nb6
37.axb5 axb5 38.Bxb5 Bd7 39.Bxd7 Rxc3 40.Rxc3 Rxc3 41.Nb5+ Kxd7 42.Nxc3 e5
43.Kf2 Ke6 44.h4 Kf7 45.Nb5 d4 46.exd4 Nd5 47.fxe5 fxe5 48.dxe5 Nxb4 49.Nd4 Nd3+
50.Ke3 Nxe5 51.Nxf5 Kg6 52.Ke4 Ng4 53.Kf4 Nf2 54.g4 Nd3+ 55.Kg3 Nc5 56.Nd6 Kf6
57.Kf4 Nd3+ 58.Kg3 Nc5 59.Nc4 Ne6 60.Nd2  1-0

[Event "BCF-ch"]
[Site "Swansea"]
[Date "1987.??.??"]
[Round "?"]
[White "Plaskett, Jim"]
[Black "Botterill, George Steven"]
[Result "1-0"]
[WhiteElo "2475"]
[BlackElo "2365"]

1.d4 Nf6 2.Bg5 d5 3.Bxf6 exf6 4.e3 c6 5.Bd3 Bd6 6.Qf3 Qb6 7.b3 Na6 8.c3 h5
9.h3 Nc7 10.Nd2 Qa5 11.Ne2 Ne6 12.e4 Bd7 13.b4 Qc7 14.exd5 Ng5 15.Qe3+ Kf8
16.Nc4 Re8 17.Qd2 cxd5 18.Ne3 Be6 19.O-O Ne4 20.Bxe4 dxe4 21.f3 f5 22.fxe4 fxe4
23.d5 Bd7 24.c4 Be5 25.Rad1 Qd6 26.c5 Qg6 27.d6 Bxh3 28.Qd5 Bf6 29.Qxb7 Qg5
30.Nf4 Rh6 31.d7 Rd8 32.c6  1-0

[Event "Voronez"]
[Site "Voronez"]
[Date "1987.??.??"]
[Round "?"]
[White "Teske, Henrik"]
[Black "Smagin, Sergey"]
[Result "0-1"]
[WhiteElo "2425"]
[BlackElo "2555"]

1.d4 Nf6 2.Bg5 d5 3.Nd2 c6 4.Ngf3 Qb6 5.b3 h6 6.Bxf6 exf6 7.e3 Ba3 8.Bd3 Na6
9.O-O Nb4 10.Qe2 O-O 11.Nh4 Re8 12.c3 Nxd3 13.Qxd3 Bf8 14.Rae1 Qa5 15.e4 b6
16.Nhf3 dxe4 17.Nxe4 Bf5 18.Nfd2 Qxa2 19.f3 Qa5 20.c4 Bg6 21.Ra1 Qh5 22.Ra6 Bd6
23.g3 Bb4 24.Ra2 Rad8 25.g4 Qh4 26.Qe3 a5 27.Kh1 Re6 28.Qg1 Bxd2 29.Nxd2 Re2
30.f4 Rxd2 31.Rxd2 Be4+ 32.Rg2 Qxg4 33.Re1 Bf3 34.Re2 Qxf4 35.d5 cxd5 36.Qxb6 Rb8
37.Qxa5 Bxe2  0-1